[Event "World Rapid Women 2025"]
[Site "Doha QAT"]
[Date "2025.12.26"]
[Round "3.49"]
[White "Al-Khulaifi, Ghada"]
[Black "Mamedjarova, Zeinab"]
[Result "0-1"]
[WhiteTitle "WCM"]
[BlackTitle "WGM"]
[WhiteElo "1630"]
[BlackElo "2155"]
[WhiteFideId "12100633"]
[BlackFideId "13401521"]
[EventDate "2025.12.26"]

1. d4 d5 2. c4 dxc4 3. e4 Nc6 4. Nf3 Bg4 5. Be3 Nf6 6. d5 Ne5 7. Qa4+ Bd7 8. Qd1
Neg4 9. Nc3 Nxe3 10. fxe3 b5 11. e5 Ng4 12. Qd4 Nh6 13. a4 a6 14. Be2 e6 15. d6
cxd6 16. exd6 Nf5 17. Qf4 Bxd6 18. Ne5 f6 19. Nf7 Bxf4 20. Nxd8 Nxe3 21. Kf2
Rxd8 22. g3 Bh6 23. Bf3 O-O 24. Bb7 f5 25. h3 b4 26. Ne2 Nc2 27. Rad1 Bxa4 28.
Rxd8 Rxd8 29. Bxa6 Be3+ 30. Kg2 Bc6+ 31. Kh2 Bxh1 32. Kxh1 c3 33. bxc3 b3 34. c4
Rd1+ 35. Kh2 Rd2 0-1

[Event "World Rapid Women 2025"]
[Site "Doha QAT"]
[Date "2025.12.26"]
[Round "3.50"]
[White "Shubenkova, Veronika"]
[Black "Kamalidenova, Meruert"]
[Result "1/2-1/2"]
[WhiteTitle "WFM"]
[BlackTitle "IM"]
[WhiteElo "2013"]
[BlackElo "2366"]
[WhiteFideId "44124040"]
[BlackFideId "13712802"]
[EventDate "2025.12.26"]

1. d4 Nf6 2. c4 g6 3. Nc3 Bg7 4. e4 d6 5. f3 O-O 6. Be3 c5 7. d5 e6 8. Qd2 exd5
9. cxd5 Nbd7 10. Nge2 Ne5 11. Ng3 h5 12. Bg5 a6 13. a4 Qa5 14. h3 b5 15. Be2 c4
16. O-O b4 17. Na2 Rb8 18. Kh1 Re8 19. Rfc1 Nh7 20. Be3 Bd7 21. Bxc4 Nxc4 22.
Rxc4 Qxa4 23. Rxb4 Rxb4 24. Qxb4 Qc2 25. Nc3 Qd3 26. Nf1 Bf8 27. Qb3 Bb5 28. Rd1
Qc4 29. Qxc4 Bxc4 30. Nd2 Bd3 31. Ndb1 Bc4 32. Rd4 Bb3 33. Rb4 Bc2 34. Na3 Bd3
35. Rd4 Bb5 36. Ncxb5 axb5 37. Nxb5 Rb8 38. Rb4 Nf6 39. Bd2 Nd7 40. Nd4 Ra8 41.
Kg1 Bg7 42. Bc3 Nc5 43. Nc2 Nd3 44. Rb6 Bxc3 45. bxc3 Ra2 46. Nb4 Ra1+ 47. Kh2
Nf4 48. Rxd6 h4 49. g3 hxg3+ 50. Kxg3 g5 51. Kf2 Nxh3+ 52. Ke3 Nf4 53. Nd3 Ng2+
54. Kd4 Rd1 55. Kc4 Ne3+ 56. Kd4 Nc2+ 57. Kc4 Ne3+ 58. Kd4 Nc2+ 59. Kc4 Ne3+ 60.
Kd4 Nc2+ 61. Kc4 1/2-1/2

[Event "World Rapid Women 2025"]
[Site "Doha QAT"]
[Date "2025.12.26"]
[Round "3.51"]
[White "Machlik, Monika"]
[Black "Yip, Carissa"]
[Result "0-1"]
[BlackTitle "IM"]
[WhiteElo "2084"]
[BlackElo "2459"]
[WhiteFideId "1513621"]
[BlackFideId "2090732"]
[EventDate "2025.12.26"]

1. d4 g6 2. c4 Bg7 3. Nc3 d6 4. Nf3 Nf6 5. g3 O-O 6. Bg2 c6 7. O-O a5 8. e4 Nbd7
9. Qc2 e5 10. Rd1 Qc7 11. h3 Re8 12. Be3 exd4 13. Nxd4 Nc5 14. Rac1 Qe7 15. Bf4
Nfxe4 16. Nxe4 Nxe4 17. Re1 Bxd4 18. Rxe4 Be5 19. Qe2 Bf5 20. Re3 a4 21. Re1 Ra5
22. b4 axb3 23. axb3 Qc7 24. b4 Ra4 25. b5 f6 26. bxc6 bxc6 27. Bxe5 dxe5 28.
Rb3 Be6 29. Rc1 Rd8 30. Qe4 Rd4 31. Qxc6 Qxc6 32. Bxc6 Raxc4 33. Rxc4 Rxc4 34.
Rb8+ Kg7 35. Bg2 Rc1+ 36. Kh2 Rc2 37. Kg1 Rc1+ 38. Kh2 Rc7 39. Re8 Bf7 40. Rd8
Rc2 41. Kg1 Rc1+ 42. Kh2 f5 43. Rd7 Kf6 44. Bd5 Bxd5 45. Rxd5 e4 46. Rd8 Rc2 47.
Kg1 g5 48. Re8 Rc7 49. Kg2 Re7 50. Rf8+ Ke5 51. Rg8 h6 52. Rg6 Re6 53. Rg8 f4
54. gxf4+ gxf4 55. Ra8 Rg6+ 56. Kf1 f3 57. Re8+ Re6 58. Rh8 Rc6 59. Re8+ Kf5 60.
Rf8+ Rf6 61. Re8 Ra6 62. Rf8+ Kg5 63. Ke1 Ra1+ 64. Kd2 Ra2+ 65. Ke3 Re2+ 66. Kd4
Kh4 67. Rf6 Kxh3 68. Rxh6+ Kg2 69. Rh8 Kxf2 70. Rh7 Ke1 71. Rh1+ Kf2 72. Rh7 Kg1
73. Rg7+ Rg2 74. Rf7 f2 75. Kxe4 f1=Q 76. Ke5 0-1

[Event "World Rapid Women 2025"]
[Site "Doha QAT"]
[Date "2025.12.26"]
[Round "3.52"]
[White "Yakubbaeva, Nilufar"]
[Black "Atalik, Ekaterina"]
[Result "0-1"]
[WhiteTitle "WGM"]
[BlackTitle "IM"]
[WhiteElo "2229"]
[BlackElo "2349"]
[WhiteFideId "14204487"]
[BlackFideId "4130189"]
[EventDate "2025.12.26"]

1. Nf3 d5 2. e3 Nf6 3. c4 c5 4. cxd5 Nxd5 5. Nc3 Nc7 6. d4 cxd4 7. exd4 e6 8.
Be2 Be7 9. O-O O-O 10. Bd3 Nc6 11. Re1 g6 12. Bh6 Re8 13. Bc4 Nd5 14. Nxd5 exd5
15. Bb5 Bg4 16. Bxc6 bxc6 17. Rc1 Bf6 18. Be3 Qb6 19. h3 Bxf3 20. Qxf3 Bxd4 21.
Bxd4 Rxe1+ 22. Rxe1 Qxd4 23. Re7 Rf8 24. Qc3 Qb6 25. b4 a6 26. a4 Qd8 27. Re1
Qd6 28. Rc1 Rc8 29. Qc5 Qxc5 30. Rxc5 Kf8 31. Ra5 Rb8 32. Rxa6 Rxb4 33. Rxc6
Rxa4 34. Rd6 Ra1+ 35. Kh2 Rd1 36. Kg3 Ke7 37. Ra6 Rd3+ 38. f3 Rd2 39. f4 Rd3+
40. Kf2 h5 41. Ke2 Rg3 42. Kf2 Rc3 43. Ke2 h4 44. Ra8 Ke6 45. Rh8 Kf5 46. Rxh4
Ke4 47. Rh7 Rc2+ 48. Kd1 Rxg2 49. Rxf7 d4 50. h4 Ke3 51. f5 gxf5 52. Rxf5 Rg1+
53. Kc2 d3+ 54. Kc3 Rc1+ 55. Kb2 d2 0-1

[Event "World Rapid Women 2025"]
[Site "Doha QAT"]
[Date "2025.12.26"]
[Round "3.53"]
[White "Dwilewicz, Katarzyna"]
[Black "Mkrtchian, Lilit"]
[Result "0-1"]
[WhiteTitle "WFM"]
[BlackTitle "IM"]
[WhiteElo "2185"]
[BlackElo "2366"]
[WhiteFideId "1148486"]
[BlackFideId "13300601"]
[EventDate "2025.12.26"]

1. e4 e6 2. d4 d5 3. exd5 exd5 4. Bf4 Bd6 5. Qd2 Ne7 6. Nc3 c6 7. Bd3 O-O 8.
O-O-O Bf5 9. Nge2 b5 10. f3 Bxd3 11. Qxd3 Bxf4+ 12. Nxf4 Qd6 13. Nce2 Nd7 14. h4
Nb6 15. g4 Nc4 16. g5 a5 17. h5 a4 18. Rdg1 Qb4 19. Qc3 Qxc3 20. Nxc3 Nf5 21.
Nce2 Rfe8 22. c3 Re3 23. Ng3 Nxg3 24. Rxg3 a3 25. b3 Rxc3+ 26. Kd1 Nd6 27. g6
Ne4 28. Rg2 Rxf3 29. gxf7+ Kxf7 30. Rh4 Rxb3 31. axb3 a2 32. Rxa2 Rxa2 33. h6 g5 0-1

[Event "World Rapid Women 2025"]
[Site "Doha QAT"]
[Date "2025.12.26"]
[Round "3.54"]
[White "Rouda Essa, Alserkal"]
[Black "Shvedova, Alexandra"]
[Result "1/2-1/2"]
[WhiteTitle "WGM"]
[BlackTitle "WIM"]
[WhiteElo "2052"]
[BlackElo "2255"]
[WhiteFideId "9314318"]
[BlackFideId "54154782"]
[EventDate "2025.12.26"]

1. e4 c5 2. Nf3 d6 3. Bb5+ Nd7 4. d4 cxd4 5. Qxd4 Nf6 6. Bg5 a6 7. Bxd7+ Bxd7 8.
O-O e6 9. Rd1 Be7 10. Bxf6 gxf6 11. c4 Qc7 12. Nc3 Rc8 13. b3 Rg8 14. Ne2 Qc5
15. Qd2 b5 16. Rac1 b4 17. Qh6 Rg6 18. Qxh7 Bf8 19. Qh4 Bh6 20. Nf4 Bxf4 21.
Qxf4 Ke7 22. Nh4 Rg7 23. Rd3 Bc6 24. Rcd1 Rd8 25. Rf3 Qg5 26. g3 Rh7 27. Re1
Rdh8 28. Rd1 Qe5 29. Re1 Qg5 30. Rc1 Bxe4 31. Rd1 Qxf4 32. Rxf4 Bb7 33. Rfd4 Rd8
34. c5 Bd5 35. cxd6+ Rxd6 36. Rxb4 f5 37. Re1 Kf6 38. Ng2 Be4 39. a4 Rh8 40. h4
Bf3 41. Ne3 Rhd8 42. Rf4 Bh5 43. g4 Rg8 44. f3 Rd3 45. Nxf5 e5 46. Rc4 Re8 47.
Rc6+ Re6 48. Rxe6+ fxe6 49. Ne3 Bg6 50. h5 Bh7 51. Nc4 Rxf3 52. Nxe5 Rxb3 53.
Kg2 Kg5 54. Re2 Kf4 55. Ng6+ Kxg4 56. Rxe6 Rb2+ 57. Kg1 Kxh5 58. Nf4+ Kg4 59.
Ng2 Bd3 60. Re3 Rb1+ 61. Kh2 Bc2 62. Re6 Rb2 63. Ne3+ Kf3 64. Nxc2 Rxc2+ 65. Kg1
Rc1+ 66. Kh2 Rc2+ 67. Kg1 1/2-1/2

[Event "World Rapid Women 2025"]
[Site "Doha QAT"]
[Date "2025.12.26"]
[Round "3.55"]
[White "Nurgaliyeva, Zarina"]
[Black "Zherebtsova, Alexandra"]
[Result "1-0"]
[WhiteTitle "WIM"]
[BlackTitle "FM"]
[WhiteElo "2305"]
[BlackElo "2307"]
[WhiteFideId "13730096"]
[BlackFideId "24129518"]
[EventDate "2025.12.26"]

1. e4 e5 2. Nf3 Nc6 3. Nc3 Nf6 4. Bb5 Bd6 5. d3 a6 6. Ba4 O-O 7. a3 Re8 8. h3
Nd4 9. Be3 b5 10. Bb3 Nxb3 11. cxb3 c5 12. O-O Bb7 13. Nh4 Bf8 14. Nf5 d5 15.
Bg5 h6 16. Bxf6 Qxf6 17. f4 dxe4 18. dxe4 Rad8 19. Qh5 Qg6 20. Qe2 b4 21. Nd1
exf4 22. Rxf4 Qg5 23. Qf3 Rd3 24. Nfe3 Bd6 25. Rg4 Qe5 26. Nf2 Rxb3 27. Rd1 Qh2+
28. Kf1 a5 29. Qf6 Ba6+ 30. Nd3 g6 31. Nf5 Qe5 32. Nxh6+ Kh7 33. Qxf7+ Kxh6 34.
Qxg6# 1-0

[Event "World Rapid Women 2025"]
[Site "Doha QAT"]
[Date "2025.12.26"]
[Round "3.56"]
[White "Bivol, Alina"]
[Black "Luong Phuong Hanh"]
[Result "1-0"]
[WhiteTitle "IM"]
[BlackTitle "WIM"]
[WhiteElo "2360"]
[BlackElo "2236"]
[WhiteFideId "4100123"]
[BlackFideId "12401013"]
[EventDate "2025.12.26"]

1. e4 c5 2. Nf3 e6 3. c3 Nf6 4. e5 Nd5 5. a3 d6 6. d4 cxd4 7. c4 Ne7 8. exd6
Qxd6 9. Nc3 Nf5 10. Nb5 Qb6 11. Bf4 Na6 12. Bd3 Nd6 13. Nbxd4 Qxb2 14. O-O Nc5
15. Re1 Be7 16. Bf1 Nde4 17. Re2 Qb6 18. Nb5 O-O 19. Rb1 Qd8 20. Qc2 f5 21. Rd1
Bd7 22. Ne5 Qc8 23. Nxd7 Nxd7 24. Nc7 e5 25. Nxa8 exf4 26. Rxe4 fxe4 27. Qxe4
Bxa3 28. Qe6+ Kh8 29. Rxd7 Qxa8 30. Qe5 Rg8 31. c5 Qc8 32. Rc7 Qd8 33. Rxb7 Qa5
34. Rc7 Qb4 35. h3 Bb2 36. Qf5 a5 37. Bd3 g6 38. Qf7 Bg7 39. Bc4 Qe1+ 40. Kh2
Qe8 41. Qxg8+ 1-0

[Event "World Rapid Women 2025"]
[Site "Doha QAT"]
[Date "2025.12.26"]
[Round "3.57"]
[White "Gaboyan, Susanna"]
[Black "Druzhinina, Olga"]
[Result "1-0"]
[WhiteTitle "WIM"]
[BlackTitle "WFM"]
[WhiteElo "2182"]
[BlackElo "2175"]
[WhiteFideId "13303627"]
[BlackFideId "4141911"]
[EventDate "2025.12.26"]

1. e4 c5 2. Nf3 d6 3. d4 cxd4 4. Nxd4 Nf6 5. Nc3 a6 6. h3 e5 7. Nde2 Be7 8. g4
Be6 9. Bg2 h6 10. Be3 Nbd7 11. O-O Rc8 12. Nd5 Bxd5 13. exd5 b5 14. Ng3 g6 15.
a4 Nb6 16. axb5 axb5 17. b3 Nfd7 18. Qd3 Kf8 19. f4 Kg7 20. f5 b4 21. fxg6 fxg6
22. Be4 Rc3 23. Qe2 Bg5 24. Bf2 Bf4 25. Kg2 Rf8 26. Ra7 Qb8 27. Qa6 Rf7 28. Rb7
Qd8 29. Ne2 Nc8 30. Nxc3 bxc3 31. Qd3 Ne7 32. Qxc3 Nf6 33. Bf3 Qa8 34. Qc7 Ne8
35. Qb8 Qa6 36. Ra7 Qc8 37. Qxc8 Nxc8 38. Rxf7+ Kxf7 39. Ra1 Nc7 40. c4 1-0

[Event "World Rapid Women 2025"]
[Site "Doha QAT"]
[Date "2025.12.26"]
[Round "3.58"]
[White "Nguyen Hong Anh"]
[Black "Khalilova, Madinabonu"]
[Result "0-1"]
[WhiteTitle "WIM"]
[BlackTitle "WCM"]
[WhiteElo "2010"]
[BlackElo "2241"]
[WhiteFideId "12406732"]
[BlackFideId "14223422"]
[EventDate "2025.12.26"]

1. d4 Nf6 2. c4 g6 3. Nc3 d5 4. cxd5 Nxd5 5. e4 Nxc3 6. bxc3 Bg7 7. Nf3 c5 8.
Rb1 O-O 9. Bc4 Nc6 10. d5 Na5 11. Be2 Bxc3+ 12. Bd2 Bxd2+ 13. Qxd2 e6 14. d6 Nc6
15. O-O b6 16. e5 Kg7 17. Bd3 Bd7 18. Be4 Rc8 19. Rfc1 f6 20. Rc3 Na5 21. exf6+
Qxf6 22. Re1 Rcd8 23. h4 Bc8 24. Bb1 Kg8 25. h5 e5 26. hxg6 hxg6 27. Qd5+ Be6
28. Qxe5 Qxe5 29. Nxe5 Rxd6 30. Nxg6 Rfd8 31. Bc2 Bf7 32. Ne5 Nc6 33. Rg3+ Kf8
34. Nxf7 Kxf7 35. Bb3+ Kf6 36. Re4 Nd4 37. Rf4+ Ke5 38. Rf7 Ne2+ 39. Kh2 Nxg3
40. Kxg3 a6 41. f4+ Kd4 42. Rc7 b5 43. f5 c4 44. Bd1 Ke5 45. Bg4 Rg8 46. Re7+
Kf6 47. Re4 c3 48. Kh3 c2 49. Re1 Rxg4 50. Kxg4 Rd1 0-1

[Event "World Rapid Women 2025"]
[Site "Doha QAT"]
[Date "2025.12.26"]
[Round "3.59"]
[White "Khalil, Manar"]
[Black "Roebers, Eline"]
[Result "0-1"]
[WhiteTitle "WFM"]
[BlackTitle "IM"]
[WhiteElo "1925"]
[BlackElo "2396"]
[WhiteFideId "7604661"]
[BlackFideId "1058401"]
[EventDate "2025.12.26"]

1. e4 c5 2. Nf3 e6 3. d4 cxd4 4. Nxd4 Nc6 5. Nc3 Nf6 6. Be3 Bb4 7. Nxc6 bxc6 8.
Qd4 c5 9. Qd3 d5 10. exd5 exd5 11. a3 Bxc3+ 12. bxc3 c4 13. Qd4 O-O 14. Be2 Bf5
15. O-O Bxc2 16. Bg5 Re8 17. Bf3 Be4 18. Rfe1 Qb6 19. Bxf6 Qxf6 20. Bxe4 Qxd4
21. Bxh7+ Kxh7 22. cxd4 Kg6 23. Re3 Rxe3 24. fxe3 Kf5 25. Rb1 Ke4 26. Kf2 Kd3
27. Rd1+ Kc2 28. Ke2 c3 29. Rf1 f6 30. a4 Rc8 31. a5 Kb2 0-1

[Event "World Rapid Women 2025"]
[Site "Doha QAT"]
[Date "2025.12.26"]
[Round "3.60"]
[White "Jimenez Fernandez, Rebeca"]
[Black "Bulmaga, Irina"]
[Result "0-1"]
[WhiteTitle "WFM"]
[BlackTitle "IM"]
[WhiteElo "2137"]
[BlackElo "2389"]
[WhiteFideId "32070934"]
[BlackFideId "13903063"]
[EventDate "2025.12.26"]

1. e4 e5 2. Nf3 Nc6 3. Bb5 a6 4. Ba4 d6 5. c3 Nf6 6. d3 g6 7. O-O Bg7 8. Re1 O-O
9. d4 b5 10. Bc2 exd4 11. cxd4 Bg4 12. Be3 Nh5 13. Nc3 Bxf3 14. gxf3 Ne7 15. Bb3
c6 16. Ne2 Qd7 17. Kg2 Kh8 18. Ng3 f5 19. Nxh5 gxh5 20. Kh1 Ng6 21. Rg1 f4 22.
Bd2 Qh3 23. Bc3 Nh4 24. Rxg7 Kxg7 25. Qg1+ Kh6 26. Qf1 Qxf3+ 27. Kg1 Rg8+ 0-1

[Event "World Rapid Women 2025"]
[Site "Doha QAT"]
[Date "2025.12.26"]
[Round "3.61"]
[White "Zvereva, Marija"]
[Black "Zhu, Chen"]
[Result "0-1"]
[WhiteTitle "WIM"]
[BlackTitle "GM"]
[WhiteElo "2007"]
[BlackElo "2423"]
[WhiteFideId "4121082"]
[BlackFideId "8600546"]
[EventDate "2025.12.26"]

1. f4 d5 2. Nf3 g6 3. g3 Bg7 4. Bg2 Nf6 5. O-O O-O 6. d3 b6 7. Ne5 Bb7 8. Nd2
Nbd7 9. Ndf3 c5 10. e3 Qc7 11. Rb1 Rac8 12. Bd2 a5 13. Qe1 Nxe5 14. Nxe5 Nd7 15.
Nxd7 Qxd7 16. e4 dxe4 17. dxe4 Qa4 18. c3 Qxa2 19. Bh3 Rcd8 20. f5 Qc4 21. Bg2
gxf5 22. Rxf5 e6 23. Rf1 f5 24. Bg5 Rde8 25. Rf4 fxe4 26. Rg4 Kh8 27. Bxe4 Bxe4
28. Rxe4 Qd5 29. Bf4 e5 30. Bg5 Rf5 31. Rd1 Qc6 32. Bc1 Ref8 33. Qe2 Rf2 34. Qg4
Qf6 35. Ree1 h6 36. Qe4 Qf7 37. Qe3 Qf5 38. Qe4 Qh3 39. Qh1 a4 40. Be3 Rxb2 41.
Rd6 Re2 42. Rdd1 Qg4 43. Qd5 Qh5 44. Qh1 Rxe3 45. Rf1 Ref3 46. Rfe1 Rf2 47. Rd7
Qf5 48. Rdd1 Qh3 49. Ra1 a3 50. Red1 e4 51. Rdc1 a2 0-1

[Event "World Rapid Women 2025"]
[Site "Doha QAT"]
[Date "2025.12.26"]
[Round "3.62"]
[White "Kairbekova, Amina"]
[Black "Miranda Rodriguez, Tania"]
[Result "1/2-1/2"]
[WhiteTitle "WGM"]
[BlackTitle "WIM"]
[WhiteElo "2353"]
[BlackElo "2051"]
[WhiteFideId "13712799"]
[BlackFideId "3510417"]
[EventDate "2025.12.26"]

1. e4 e5 2. Nf3 Nc6 3. Bb5 a6 4. Ba4 Nf6 5. Nc3 b5 6. Bb3 Bc5 7. d3 h6 8. a3 d6
9. Nd5 Nxd5 10. Bxd5 Bb7 11. c3 Qc8 12. b4 Bb6 13. Qb3 O-O 14. Rg1 Ne7 15. Bxb7
Qxb7 16. g4 d5 17. g5 dxe4 18. gxh6 exf3 19. Rxg7+ Kh8 20. Bg5 Qd5 21. Qc2 f6
22. d4 e4 23. Rxe7 fxg5 24. Re5 Qc6 25. O-O-O Rae8 26. Rxg5 Qxh6 27. h4 c6 28.
Kb1 Bd8 29. Rg4 Qh7 30. Rdg1 Rg8 31. Rxg8+ Rxg8 32. Re1 Re8 33. Qd1 e3+ 34. Kb2
e2 35. Qd2 Re4 36. d5 cxd5 37. Qxd5 Re8 38. Qxf3 Be7 39. Rxe2 Rf8 40. Qe3 Bf6
41. Qc5 Qg7 42. h5 Rd8 43. f3 Kg8 44. Re1 Kh8 45. h6 Qxh6 46. Re2 Rd2+ 47. Rxd2
Qxd2+ 48. Kb3 Qd1+ 49. Kb2 Qxf3 50. Qc7 Qg2+ 51. Kb3 Qd5+ 52. Kb2 Qg2+ 53. Kb3
Qg7 54. Qc6 Qf7+ 55. c4 bxc4+ 56. Qxc4 Kg7 57. b5 a5 58. Qxf7+ Kxf7 59. b6 Ke6
60. Ka4 Bc3 61. b7 Be5 62. Kxa5 Kd7 63. Ka6 Bb8 64. Kb6 Bc7+ 65. Ka7 Kc6 66. a4
Kc5 67. a5 Kb5 68. a6 Ka5 1/2-1/2

[Event "World Rapid Women 2025"]
[Site "Doha QAT"]
[Date "2025.12.26"]
[Round "3.63"]
[White "Fawaz, Nadia"]
[Black "Krasteva, Beloslava"]
[Result "0-1"]
[WhiteTitle "WFM"]
[BlackTitle "FM"]
[WhiteElo "1957"]
[BlackElo "2339"]
[WhiteFideId "5309743"]
[BlackFideId "2922029"]
[EventDate "2025.12.26"]

1. e4 d6 2. d4 Nf6 3. Nc3 e5 4. dxe5 dxe5 5. Qxd8+ Kxd8 6. Bg5 Nd7 7. O-O-O c6
8. Bc4 Ke8 9. Nf3 Ng4 10. Rhf1 f6 11. Bd2 b5 12. Be6 Nc5 13. Bxc8 Rxc8 14. h3
Nh6 15. Bxh6 gxh6 16. Nh4 b4 17. Ne2 Nxe4 18. f4 Bc5 19. fxe5 Be3+ 20. Kb1 Nd2+
21. Rxd2 Bxd2 22. Nf5 Rd8 23. Nd6+ Ke7 24. Nd4 fxe5 25. N4f5+ Ke6 26. Ne4 Bf4
27. Ng7+ Kf7 28. Nf5 Ke6 29. Ng7+ Kd5 30. Nf6+ Kc4 31. Ne4 Rd4 32. Nf2 Rg8 33.
Nf5 Rd2 34. Ne4 Rdxg2 35. Nfd6+ Kd5 36. Rd1+ 0-1

[Event "World Rapid Women 2025"]
[Site "Doha QAT"]
[Date "2025.12.26"]
[Round "3.64"]
[White "Vo, Thi Kim Phung"]
[Black "Charvi A"]
[Result "1-0"]
[WhiteTitle "WGM"]
[BlackTitle "WFM"]
[WhiteElo "2322"]
[BlackElo "2270"]
[WhiteFideId "12401838"]
[BlackFideId "25165518"]
[EventDate "2025.12.26"]

1. d4 Nf6 2. c4 g6 3. Nc3 Bg7 4. e4 d6 5. Be2 O-O 6. Be3 e5 7. d5 a5 8. h3 Na6
9. Nf3 Re8 10. Nd2 Nc5 11. g4 Nfd7 12. g5 c6 13. Nf1 cxd5 14. cxd5 Qb6 15. Qd2
Qb4 16. Ng3 Qb6 17. h4 Qd8 18. Nb5 Ra6 19. Rc1 Bf8 20. b3 b6 21. Kf1 Ra8 22. Kg2
Ba6 23. h5 Bxb5 24. Bxb5 Re7 25. Rh2 Rc8 26. Rch1 Rc7 27. Qe2 Nb8 28. Rb1 Qc8
29. Rhh1 Ncd7 30. Rhc1 Nc5 31. a3 f5 32. gxf6 Rf7 33. Bg5 Nbd7 34. b4 axb4 35.
axb4 Nb7 36. hxg6 hxg6 37. Qg4 Qd8 38. Qe6 Rxc1 39. Rxc1 Nxf6 40. Rc8 Qe7 41.
Qxe7 Rxe7 42. Bxf6 1-0

[Event "World Rapid Women 2025"]
[Site "Doha QAT"]
[Date "2025.12.26"]
[Round "3.65"]
[White "Sawan, Eman"]
[Black "Rodriguez Redondo, Adhara"]
[Result "0-1"]
[WhiteTitle "WFM"]
[BlackTitle "WFM"]
[WhiteElo "1960"]
[BlackElo "2207"]
[WhiteFideId "11511729"]
[BlackFideId "32065698"]
[EventDate "2025.12.26"]

1. e4 e5 2. Nf3 Nc6 3. Bc4 Nf6 4. d4 exd4 5. e5 Ne4 6. Qe2 Nc5 7. O-O Be7 8. Rd1
Ne6 9. c3 dxc3 10. Nxc3 O-O 11. Be3 Qe8 12. Nd5 Kh8 13. Qd2 f5 14. b4 f4 15.
Nxf4 Bxb4 16. Qc1 Nxf4 17. Bxf4 Qh5 18. Bg3 Ne7 19. a3 Bc5 20. Be2 b6 21. Nd4
Qf7 22. Bf3 c6 23. Nb3 Qxb3 24. Qg5 Qf7 25. Be4 Nf5 26. Rf1 Nxg3 27. hxg3 Be7
28. Qd2 Ba6 29. Rfe1 Bc5 30. Bf3 Rae8 31. a4 Bc4 32. Rac1 Bd5 33. Bxd5 Bxf2+ 0-1

[Event "World Rapid Women 2025"]
[Site "Doha QAT"]
[Date "2025.12.26"]
[Round "3.66"]
[White "Liu, Shilan"]
[Black "Lesbekova, Assel"]
[Result "0-1"]
[WhiteTitle "WGM"]
[BlackTitle "WCM"]
[WhiteElo "2109"]
[BlackElo "1948"]
[WhiteFideId "8600279"]
[BlackFideId "13713248"]
[EventDate "2025.12.26"]

1. e4 c6 2. d4 d5 3. Nd2 dxe4 4. Nxe4 Nf6 5. Nxf6+ exf6 6. c3 Bd6 7. Bd3 O-O 8.
Qc2 g6 9. Bh6 Re8+ 10. Ne2 Nd7 11. O-O-O Bf8 12. Bxf8 Nxf8 13. h4 h5 14. Nf4 f5
15. Kb1 Ne6 16. Ne2 a5 17. f3 Ng7 18. Qd2 Kh7 19. Nf4 Qd6 20. Nh3 f6 21. Nf2 Be6
22. Bc2 a4 23. a3 Qd5 24. Kc1 Qa2 25. Bb1 Qa1 26. Rde1 Ba2 27. Qc2 Qxb1+ 28.
Qxb1 Bxb1 29. Kxb1 Ne6 30. g3 Nc7 31. f4 Nd5 32. Kc2 b5 33. Nd3 Ne3+ 34. Kc1 Nc4
35. Nb4 Na5 36. Kc2 Kg7 37. Nd3 Nb7 38. Nb4 c5 39. Nd5 cxd4 40. cxd4 Nd6 41. Nc3
Rac8 42. Kd3 Rb8 43. Rxe8 Rxe8 44. d5 Kf7 45. Rb1 Ne4 46. Nxb5 Rb8 47. Nc3 Nxg3
48. Nxa4 Ne4 49. Nc3 Nc5+ 50. Kc2 Ke7 51. b4 Ne4 52. Re1 Rc8 53. Re3 Kd6 54. Kb2
Rc4 55. Kb3 Nd2+ 56. Ka4 Rxf4 57. Re6+ Kd7 58. Rxf6 Rg4 59. Kb5 f4 60. Kc5 Rg3
61. Nb5 Ne4+ 62. Kd4 0-1

[Event "World Rapid Women 2025"]
[Site "Doha QAT"]
[Date "2025.12.26"]
[Round "3.67"]
[White "Skaslien, Ingrid"]
[Black "Berikkyzy Alanna"]
[Result "0-1"]
[BlackTitle "WFM"]
[WhiteElo "2029"]
[BlackElo "2241"]
[WhiteFideId "1520660"]
[BlackFideId "13780719"]
[EventDate "2025.12.26"]

1. d4 Nf6 2. c4 e6 3. Nc3 Bb4 4. e3 O-O 5. Bd3 d5 6. Ne2 dxc4 7. Bxc4 c5 8. O-O
cxd4 9. exd4 Nc6 10. Bg5 Be7 11. Bd3 h6 12. Bh4 Nb4 13. Bb1 b6 14. a3 Nbd5 15.
Qd3 g6 16. Qd2 Kg7 17. Bg3 Bd6 18. Be5 Nxc3 19. Qxc3 Ba6 20. Re1 Rc8 21. Qe3
Bxe5 22. dxe5 Ng4 23. Qf4 Bxe2 24. Be4 Qc7 25. Rxe2 Nxe5 26. h4 Nd7 27. Qf3 Nf6
28. Bd3 Qc6 29. Qg3 Rcd8 30. Bc2 Qb5 31. Rae1 Rd4 32. Rxe6 Rg4 33. R6e5 Qc6 34.
Be4 Qc7 35. Qh2 Rxh4 36. Qxh4 Qxe5 37. f3 Qxb2 38. a4 Qd4+ 39. Kh1 Qxa4 40. Rc1
Re8 41. Re1 a5 42. Qf2 Nxe4 43. fxe4 Rxe4 44. Rxe4 Qxe4 45. Qb2+ Kh7 46. Qxb6 a4
47. Qf6 Qe6 48. Qc3 Qe7 49. g4 Qh4+ 0-1

[Event "World Rapid Women 2025"]
[Site "Doha QAT"]
[Date "2025.12.26"]
[Round "3.68"]
[White "Wafa, Shahenda"]
[Black "Echcharbiny, Wissal"]
[Result "1-0"]
[WhiteTitle "WGM"]
[WhiteElo "2074"]
[BlackElo "1726"]
[WhiteFideId "10609962"]
[BlackFideId "9014853"]
[EventDate "2025.12.26"]

1. e4 c6 2. d4 d5 3. Nc3 dxe4 4. Nxe4 Bf5 5. Ng3 Bg6 6. h4 h6 7. Nh3 e6 8. Nf4
Bh7 9. c3 Nf6 10. Bd3 Bxd3 11. Nxd3 Bd6 12. Qf3 Nbd7 13. Bd2 Qb6 14. O-O-O a5
15. Rhe1 Qb5 16. Nf5 Bf8 17. Ne5 Qd5 18. Qxd5 cxd5 19. Nxd7 Kxd7 20. Ng3 Bd6 21.
Ne2 Ne4 22. Be3 Rhc8 23. f3 Nf6 24. Nf4 b5 25. Nd3 Ke8 26. Bf4 Bxf4+ 27. Nxf4
Kf8 28. g4 Nh7 29. Kd2 Rc7 30. Rxe6 Rd7 31. Rb6 b4 32. Rb5 Nf6 33. g5 hxg5 34.
hxg5 Nh7 35. Rg1 bxc3+ 36. bxc3 a4 37. Nxd5 Rad8 38. Ne3 Ra7 39. f4 Kg8 40. Rgb1
Raa8 41. d5 Nf8 42. f5 Nd7 43. Ng4 1-0

[Event "World Rapid Women 2025"]
[Site "Doha QAT"]
[Date "2025.12.26"]
[Round "3.69"]
[White "Olde, Margareth"]
[Black "Alotaibi, Maitha Abdulrahman A"]
[Result "1-0"]
[WhiteTitle "WIM"]
[WhiteElo "2214"]
[BlackElo "1600"]
[WhiteFideId "4503082"]
[BlackFideId "21524009"]
[EventDate "2025.12.26"]

1. d4 d5 2. Nf3 Nc6 3. e3 a6 4. c4 Nf6 5. cxd5 Nxd5 6. e4 Nf6 7. Nc3 Bg4 8. d5
Ne5 9. Be2 Bxf3 10. gxf3 c6 11. f4 Ned7 12. dxc6 bxc6 13. e5 Ng8 14. Bf3 Rc8 15.
e6 fxe6 16. Qe2 Ngf6 17. Qxe6 Qc7 18. Be3 Qd6 19. Qc4 Nb8 20. Rd1 Qc7 21. Na4
Qa5+ 22. Rd2 Qb5 23. Qc2 1-0

[Event "World Rapid Women 2025"]
[Site "Doha QAT"]
[Date "2025.12.26"]
[Round "3.70"]
[White "Alsemairi, Dalia"]
[Black "Parnali, S Dharia"]
[Result "0-1"]
[WhiteTitle "WCM"]
[BlackTitle "WIM"]
[WhiteElo "1802"]
[BlackElo "2150"]
[WhiteFideId "21511217"]
[BlackFideId "5043131"]
[EventDate "2025.12.26"]

1. e4 e5 2. Nf3 Nc6 3. Bc4 Nf6 4. Ng5 d5 5. exd5 Na5 6. Bb5+ Bd7 7. Bxd7+ Qxd7
8. Nc3 Nxd5 9. Qf3 Nf6 10. O-O Nc6 11. d3 O-O-O 12. Be3 Bb4 13. Nb5 a6 14. a3
Ba5 15. b4 Bb6 16. Bxb6 cxb6 17. Nc3 Nd4 18. Qg3 Qc7 19. Qh3+ Kb8 20. Nce4 Nd5
21. c4 Nf4 22. Qg4 f5 23. Qh4 h6 24. Ng3 Qe7 0-1